[Event "1st Konex it"]
[Site "Buenos Aires ARG"]
[Date "1977.09.??"]
[Round "1"]
[White "Sanguineti, Raul"]
[Black "Rossetto, Hector Decio"]
[Result "1-0"]
[WhiteElo "2505"]
[BlackElo "2410"]
[EventDate "1977.09.06"]
[PlyCount "87"]

1.d4 g6 2.c4 Bg7 3.Nc3 d6 4.e4 Nd7 5.Be3 e5 6.Nf3 Ngf6 7.d5 O-O 8.h3 a5 9.
Bd3 b6 10.Bc2 Nc5 11.a3 Bd7 12.Nd2 Nh5 13.b4 axb4 14.axb4 Na6 15.Rb1 Nf4 
16.Kf1 f5 17.g3 fxe4 18.Ndxe4 Bxh3+ 19.Rxh3 Nxh3 20.Qg4 Qc8 21.Qxc8 Raxc8 
22.Bd1 h5 23.Kg2 Nf4+ 24.gxf4 exf4 25.Bd2 Bh6 26.Nb5 Rce8 27.Nbc3 Nb8 28.
Ra1 Nd7 29.Ra7 Nf6 30.Nxf6+ Rxf6 31.Kf1 Rf7 32.Bc2 Kh7 33.Ne4 Ref8 34.f3 
Kg8 35.c5 bxc5 36.bxc5 Rd8 37.Ba5 Bf8 38.Bxc7 Rdd7 39.cxd6 Bxd6 40.Ra8+ 
Bf8 41.d6 Rxc7 42.Nf6+ Kh8 43.dxc7 Rxc7 44.Rxf8+ 1-0

[Event "1st Konex it"]
[Site "Buenos Aires ARG"]
[Date "1977.09.??"]
[Round "1"]
[White "Najdorf, Miguel"]
[Black "Benko, Francisco"]
[Result "1/2-1/2"]
[WhiteElo "2525"]
[BlackElo "2290"]
[EventDate "1977.09.06"]
[PlyCount "94"]

1.Nf3 Nf6 2.d4 b6 3.c4 e6 4.e3 Bb7 5.Bd3 Be7 6.O-O O-O 7.b3 Be4 8.Be2 d6 
9.Bb2 Bb7 10.Nc3 Nbd7 11.Qc2 d5 12.Rad1 dxc4 13.bxc4 Bb4 14.Bd3 Qe7 15.e4 
Nh5 16.Ne2 f5 17.exf5 Bxf3 18.gxf3 exf5 19.Bxf5 Qg5+ 20.Ng3 Ndf6 21.Bc1 
Qh4 22.Be6+ Kh8 23.Qf5 h6 24.Qh3 Qxh3 25.Bxh3 Bd6 26.Rfe1 Rae8 27.Bf5 Rd8 
28.Bc2 Bb4 29.Re6 Nxg3 30.hxg3 Rfe8 31.Rxe8+ Rxe8 32.Be3 Bf8 33.Kg2 g5 34.
Bf5 Kg7 35.f4 g4 36.d5 h5 37.Be6 Bc5 38.Bxc5 bxc5 39.Rb1 Ne4 40.Rb7 Kf6 
41.Rxc7 Rb8 42.Rf7+ Kg6 43.f5+ Kg5 44.d6 Nxd6 45.Rxa7 Rb2 46.f6 Kxf6 47.
Bg8 Nf5 1/2-1/2

[Event "1st Konex it"]
[Site "Buenos Aires ARG"]
[Date "1977.09.??"]
[Round "1"]
[White "Rubinetti, Jorge Alberto"]
[Black "Cuasnicu, Oscar"]
[Result "1/2-1/2"]
[WhiteElo "2420"]
[BlackElo "2400"]
[EventDate "1977.09.06"]
[PlyCount "102"]

1.d4 Nf6 2.c4 g6 3.Nc3 Bg7 4.e4 d6 5.f3 O-O 6.Be3 e5 7.d5 c6 8.Bd3 Na6 9.
Nge2 Bd7 10.a3 Ne8 11.O-O c5 12.Ng3 Qe7 13.Qd2 Kh8 14.Rab1 b6 15.Bc2 Rd8 
16.Ba4 Bc8 17.b4 f5 18.exf5 gxf5 19.Bg5 Bf6 20.Bxf6+ Nxf6 21.Bc2 f4 22.
Nge4 Nxe4 23.Bxe4 Rg8 24.Rf2 Rg5 25.Kf1 Rdg8 26.Ke1 Bd7 27.Kd1 Qg7 28.g4 
fxg3 29.hxg3 Rxg3 30.Kc2 Rh3 31.Kb3 Qh6 32.Nb5 cxb4 33.axb4 Qxd2 34.Rxd2 
Bxb5 35.cxb5 Nc7 36.Ka4 Ne8 37.Rc1 Nf6 38.Rc6 Rg1 39.Ra2 Nxe4 40.fxe4 Rb1 
41.Ra3 Rh6 42.Rg3 Rg6 43.Rxg6 hxg6 44.Rxd6 Kg7 45.Re6 g5 46.Rxe5 Kg6 47.d6
Rd1 48.Re6+ Kf7 49.Re7+ Kf8 50.Re5 Rxd6 51.Rxg5 Rd3 1/2-1/2

[Event "1st Konex it"]
[Site "Buenos Aires ARG"]
[Date "1977.09.??"]
[Round "1"]
[White "Amado, Claudio"]
[Black "Szmetan, Jorge"]
[Result "1/2-1/2"]
[WhiteElo "2310"]
[BlackElo "2435"]
[EventDate "1977.09.06"]
[PlyCount "140"]

1.d4 c5 2.d5 Nf6 3.Nc3 d6 4.e4 Na6 5.Nf3 Nc7 6.a4 e6 7.dxe6 Bxe6 8.Bf4 Be7
9.Be2 O-O 10.O-O Qd7 11.Ng5 Rfd8 12.Nxe6 Nxe6 13.Be3 Nc7 14.Bc4 Nxe4 15.
Nxe4 d5 16.Nxc5 Bxc5 17.Bxc5 dxc4 18.Qxd7 Rxd7 19.Rfd1 Rad8 20.Rxd7 Rxd7 
21.Bxa7 Rd2 22.Rc1 Nd5 23.Kf1 c3 24.Ke1 cxb2 25.Kxd2 bxc1=Q+ 26.Kxc1 Kf8 
27.Kd2 Ke7 28.g3 Kd6 29.Bd4 g6 30.Kd3 f5 31.Kc4 Kc6 32.h4 Nc7 33.Be3 b5+ 
34.axb5+ Nxb5 35.Bf4 Na3+ 36.Kd3 Kd5 37.Bh6 Nc4 38.Bg7 h5 39.Bc3 Na3 40.
Bf6 Nc4 41.Bg7 Na3 42.Bf6 Nc4 43.f3 Na3 44.Bg7 Nc4 45.Bf6 Na3 46.c3 Nc4 
47.Bd4 Na3 48.Ke3 Nc4+ 49.Kf4 Ke6 50.Kg5 Kf7 51.g4 fxg4 52.fxg4 hxg4 53.
Kxg4 Nd6 54.Kf4 Ke6 55.Bf2 Kd5 56.Bb6 Ke6 57.Bc5 Nc4 58.Ke4 Nd2+ 59.Kd3 
Nf3 60.Bf2 Kf5 61.Ke3 Kg4 62.c4 Ne5 63.c5 Kf5 64.Kd4 Ke6 65.Ke4 Nc6 66.Bd4
Nb4 67.Bc3 Nc6 68.Kf4 Ne7 69.Kg5 Kf7 70.Bf6 Nc6 1/2-1/2

[Event "1st Konex it"]
[Site "Buenos Aires ARG"]
[Date "1977.09.??"]
[Round "2"]
[White "Cuasnicu, Oscar"]
[Black "Benko, Francisco"]
[Result "1/2-1/2"]
[WhiteElo "2400"]
[BlackElo "2290"]
[EventDate "1977.09.06"]
[PlyCount "95"]

1.e4 e5 2.Nf3 Nf6 3.Nxe5 d6 4.Nf3 Nxe4 5.d3 Nf6 6.d4 d5 7.Bd3 Bg4 8.h3 Bh5
9.Bg5 Be7 10.Nbd2 Nc6 11.c3 Ne4 12.Bxe7 Qxe7 13.O-O O-O-O 14.Re1 f5 15.Qa4
Kb8 16.Bb5 Bxf3 17.Nxf3 Rd6 18.Bxc6 Rxc6 19.Ne5 Re6 20.f3 Nf6 21.Re2 Re8 
22.Rae1 Qd6 23.Nf7 Rxe2 24.Rxe2 Qf8 25.Ne5 Rd8 26.b4 Ka8 27.Qa5 Rc8 28.Nd3
Kb8 29.Re5 g6 30.Nc5 c6 31.Qa3 b6 32.Nd3 Nd7 33.Re6 Re8 34.Rxe8+ Qxe8 35.
Kf2 g5 36.Qc1 f4 37.h4 h6 38.Qe1 Qxe1+ 39.Kxe1 Kc7 40.hxg5 hxg5 41.Kf2 Nf8
42.g3 Ne6 43.gxf4 gxf4 44.Kg2 c5 45.bxc5 bxc5 46.dxc5 Kc6 47.Kh3 Nxc5 48.
Nxf4 1/2-1/2

[Event "1st Konex it"]
[Site "Buenos Aires ARG"]
[Date "1977.09.??"]
[Round "2"]
[White "Schweber, Samuel"]
[Black "Garcia, Raimundo"]
[Result "1/2-1/2"]
[WhiteElo "2445"]
[BlackElo "2435"]
[EventDate "1977.09.06"]
[PlyCount "57"]

1.e4 c5 2.Nf3 b6 3.c4 Bb7 4.Nc3 d6 5.d4 cxd4 6.Nxd4 Nf6 7.f3 e6 8.Bg5 Be7 
9.Qa4+ Nbd7 10.Rd1 O-O 11.Bd3 a6 12.Qc2 d5 13.exd5 exd5 14.Nf5 Bc5 15.cxd5
Re8+ 16.Kf1 g6 17.Nh6+ Kg7 18.Ne4 Nxd5 19.Nxf7 Qxg5 20.Nfxg5 Ne3+ 21.Ke2 
Nxc2 22.Bxc2 Nf6 23.Kd2 Rac8 24.Nxf6 Be3+ 25.Kd3 Kxf6 26.Ne4+ Bxe4+ 27.
fxe4 Bh6 28.Bb3 Ke5 29.Bd5 1/2-1/2

[Event "1st Konex it"]
[Site "Buenos Aires ARG"]
[Date "1977.09.??"]
[Round "3"]
[White "Panno, Oscar"]
[Black "Rubinetti, Jorge Alberto"]
[Result "1-0"]
[WhiteElo "2550"]
[BlackElo "2420"]
[EventDate "1977.09.06"]
[PlyCount "98"]

1.d4 Nf6 2.c4 g6 3.g3 c5 4.d5 Bg7 5.Nc3 O-O 6.Bg2 d6 7.Nh3 Na6 8.O-O Nc7 
9.a4 Rb8 10.Nf4 b6 11.Bd2 a6 12.Rb1 b5 13.axb5 axb5 14.b4 cxb4 15.Rxb4 Bd7
16.cxb5 Nxb5 17.Nxb5 Rxb5 18.Rxb5 Bxb5 19.Qb3 Bd7 20.Nd3 Qa8 21.Nb4 Qb7 
22.h3 Rb8 23.Qe3 Qb6 24.Qxb6 Rxb6 25.Ra1 Rb8 26.Nc6 Re8 27.Ra7 Kf8 28.e4 
Rc8 29.e5 dxe5 30.Nxe5 Be8 31.Bb4 Ng8 32.Nc6 Bf6 33.Bf3 h5 34.g4 hxg4 35.
hxg4 g5 36.Kg2 Kg7 37.Nxe7 Nxe7 38.Bxe7 Bxe7 39.Rxe7 Kf6 40.Re3 Rd8 41.Kg3
Bb5 42.Rc3 Rd6 43.Rc5 Bd7 44.Be4 Ke5 45.f3 f6 46.Rc7 f5 47.gxf5 Bxf5 48.
Re7+ Kf6 49.Re8 Bd7 1-0

[Event "1st Konex it"]
[Site "Buenos Aires ARG"]
[Date "1977.09.??"]
[Round "3"]
[White "Garcia, Raimundo"]
[Black "Rossetto, Hector Decio"]
[Result "1/2-1/2"]
[WhiteElo "2435"]
[BlackElo "2410"]
[EventDate "1977.09.06"]
[PlyCount "55"]

1.c4 g6 2.d4 Bg7 3.e4 d6 4.Nc3 e6 5.Be3 Nd7 6.Qd2 c6 7.Bd3 a6 8.Nge2 Qc7 
9.f4 f5 10.e5 Ne7 11.O-O O-O 12.c5 dxc5 13.dxc5 Rd8 14.Rfd1 Nd5 15.Nxd5 
exd5 16.Rac1 Nf8 17.Nd4 Ne6 18.Rc3 Nxd4 19.Bxd4 Be6 20.Re1 Rd7 21.Ra3 Bf8 
22.Qa5 Be7 23.Qxc7 Rxc7 24.Rf1 Rf8 25.g3 Bd8 26.Bc2 Rg7 27.Raf3 Be7 28.Rb3
1/2-1/2

[Event "1st Konex it"]
[Site "Buenos Aires ARG"]
[Date "1977.09.??"]
[Round "4"]
[White "Rubinetti, Jorge Alberto"]
[Black "Garcia, Raimundo"]
[Result "1-0"]
[WhiteElo "2420"]
[BlackElo "2435"]
[EventDate "1977.09.06"]
[PlyCount "123"]

1.e4 c5 2.Nf3 d6 3.b4 cxb4 4.d4 d5 5.exd5 Nf6 6.a3 Qxd5 7.axb4 e5 8.Nxe5 
Bxb4+ 9.c3 Bd6 10.Nc4 O-O 11.Ne3 Qc6 12.Be2 Qc7 13.h3 Nc6 14.Na3 Qd8 15.
Nac4 Bb8 16.Qb3 Bc7 17.Bf3 Rb8 18.d5 Ne5 19.Nxe5 Bxe5 20.Rxa7 b5 21.O-O 
Qb6 22.Ra2 Nd7 23.Ba3 Re8 24.Qb4 Ra8 25.Rb1 Bd6 26.Qxd6 Qxd6 27.Bxd6 Rxa2 
28.Rxb5 Ra1+ 29.Kh2 Ba6 30.Rb2 Rc1 31.c4 Bxc4 32.Rb7 Nf6 33.Rc7 Bxd5 34.
Rxc1 Bxf3 35.gxf3 h5 36.Rg1 Re6 37.Bb4 Nh7 38.Bc3 f6 39.f4 Re4 40.Nd5 Kf7 
41.Kg2 Ke6 42.Rd1 g5 43.fxg5 fxg5 44.Ne3 Nf8 45.Rb1 Kd7 46.Rb7+ Kc6 47.Rb4
Rxb4 48.Bxb4 Ng6 49.Kg3 Kd7 50.Bd2 Ne5 51.Nd5 h4+ 52.Kg2 Ke6 53.Ne3 Nd3 
54.Ng4 Kf5 55.Nh2 Nc5 56.Nf3 Ne4 57.Bxg5 Nxg5 58.Nxg5 Kxg5 59.Kf3 Kf5 60.
Ke3 Ke5 61.f4+ Ke6 62.Ke4 1-0

[Event "1st Konex it"]
[Site "Buenos Aires ARG"]
[Date "1977.09.??"]
[Round "5"]
[White "Garcia, Raimundo"]
[Black "Sanguineti, Raul"]
[Result "0-1"]
[WhiteElo "2435"]
[BlackElo "2505"]
[EventDate "1977.09.06"]
[PlyCount "136"]

1.Nf3 Nf6 2.g3 d5 3.Bg2 g6 4.c4 Bg7 5.cxd5 Nxd5 6.Nc3 O-O 7.O-O Nc6 8.Nxd5
Qxd5 9.d3 Qb5 10.a4 Qh5 11.Bf4 Bg4 12.Qb3 e5 13.Be3 Rab8 14.Rac1 Be6 15.
Qa3 Rfd8 16.b4 a6 17.Rfe1 Bd5 18.Nd2 Bxg2 19.Kxg2 Bf8 20.Bc5 Bh6 21.Be3 
Bxe3 22.fxe3 Qg5 23.b5 axb5 24.axb5 Nd4 25.exd4 Qxd2 26.dxe5 Rd7 27.Qc3 
Qxc3 28.Rxc3 Re8 29.Rec1 Rxe5 30.Rxc7 Rxe2+ 31.Kf3 Ree7 32.Rxd7 Rxd7 33.
Ke4 Re7+ 34.Kd4 Rd7+ 35.Ke3 Re7+ 36.Kd4 Rd7+ 37.Ke3 Rd5 38.Rb1 Kf8 39.Ke4 
Rh5 40.Rb2 Ke7 41.Kd4 Kd6 42.Rf2 Rd5+ 43.Kc4 Rc5+ 44.Kb4 f5 45.Rf4 Rd5 46.
Kc4 Rc5+ 47.Kb4 Rc2 48.Rd4+ Ke6 49.Rh4 Rc7 50.b6 Rd7 51.Kc3 Kd5 52.Rc4 h6 
53.Rc7 Ke6 54.Rc4 Rd6 55.Rh4 Rc6+ 56.Kd2 h5 57.Rb4 Kd5 58.Rb5+ Rc5 59.Rb2 
Kc6 60.Ke3 Rb5 61.Rxb5 Kxb5 62.Kf4 Kxb6 63.Ke5 Kc7 64.Ke6 b5 65.Ke7 Kc6 
66.Ke6 Kc5 67.Ke5 b4 68.d4+ Kb6 0-1

[Event "1st Konex it"]
[Site "Buenos Aires ARG"]
[Date "1977.09.??"]
[Round "5"]
[White "Benko, Francisco"]
[Black "Schweber, Samuel"]
[Result "0-1"]
[WhiteElo "2290"]
[BlackElo "2445"]
[EventDate "1977.09.06"]
[PlyCount "90"]

1.e4 c5 2.c3 d5 3.exd5 Qxd5 4.d4 Nf6 5.Nf3 Nc6 6.Be2 e6 7.O-O cxd4 8.cxd4 
Be7 9.Nc3 Qd6 10.a3 a6 11.b4 O-O 12.h3 Rd8 13.Qc2 b5 14.Be3 Bb7 15.Rfd1 
Rac8 16.Qb3 Qb8 17.Ng5 h6 18.Nge4 Nxe4 19.Nxe4 Nxd4 20.Bxd4 Bxe4 21.Qe3 
Qb7 22.Qg3 Rxd4 23.Rxd4 Bf6 24.Rad1 Bxd4 25.Rxd4 Bd5 26.Rg4 f5 27.Rd4 Qc7 
28.Kh2 Qxg3+ 29.Kxg3 Rc2 30.Bf3 Rc3 31.Kf4 Bxf3 32.gxf3 Rxa3 33.Ke5 Rxf3 
34.Kxe6 Rxf2 35.h4 Kh7 36.Kf7 Rg2 37.Rd6 f4 38.Rxa6 f3 39.Ra3 Rg3 40.Ra2 
Rh3 41.Rf2 Rxh4 42.Rxf3 Rxb4 43.Kf8 Rg4 44.Rf5 Rg5 45.Rf7 h5 0-1

[Event "1st Konex it"]
[Site "Buenos Aires ARG"]
[Date "1977.09.??"]
[Round "6"]
[White "Rossetto, Hector Decio"]
[Black "Benko, Francisco"]
[Result "1-0"]
[WhiteElo "2410"]
[BlackElo "2290"]
[EventDate "1977.09.06"]
[PlyCount "97"]

1.Nf3 Nf6 2.g3 d5 3.Bg2 c6 4.O-O Bf5 5.d3 e6 6.Nbd2 Nbd7 7.Qe1 h6 8.e4 
dxe4 9.dxe4 Bh7 10.Qe2 Qc7 11.a3 a5 12.b3 Bc5 13.Bb2 O-O 14.Ne1 Ne5 15.Nc4
Ned7 16.Nd3 Be7 17.Kh1 Bg6 18.f4 Nc5 19.Nxc5 Bxc5 20.g4 Rad8 21.e5 Nd5 22.
f5 Bh7 23.Rf3 Ne7 24.Raf1 Nc8 25.Rh3 b5 26.Nd2 Bd4 27.Bxd4 Rxd4 28.fxe6 
Rdd8 29.g5 fxe6 30.gxh6 Rxf1+ 31.Nxf1 Bf5 32.Rg3 g6 33.Rc3 Ne7 34.Qxb5 Rd1
35.Qe2 Qd7 36.Rg3 Kh7 37.h3 Rc1 38.c4 Qd4 39.Kh2 Rc2 40.Qe3 c5 41.Qg5 Ng8 
42.h4 Rf2 43.h5 Qe4 44.Ne3 Nxh6 45.Nxf5 Qxf5 46.hxg6+ Kg8 47.Qxh6 Rxg2+ 
48.Kxg2 Qe4+ 49.Rf3 1-0

[Event "1st Konex it"]
[Site "Buenos Aires ARG"]
[Date "1977.09.??"]
[Round "6"]
[White "Panno, Oscar"]
[Black "Garcia, Raimundo"]
[Result "1-0"]
[WhiteElo "2550"]
[BlackElo "2435"]
[EventDate "1977.09.06"]
[PlyCount "79"]

1.d4 Nf6 2.c4 c5 3.d5 b5 4.cxb5 a6 5.e3 g6 6.Nc3 Bg7 7.Nf3 d6 8.a4 O-O 9.
Ra3 e6 10.Bc4 axb5 11.Nxb5 exd5 12.Bxd5 Nxd5 13.Qxd5 Ra6 14.O-O Be6 15.Qd3
d5 16.Qc2 Rc6 17.Rd1 Qb6 18.Ng5 Bf5 19.e4 dxe4 20.Nxe4 Na6 21.Re3 Re6 22.
Qc4 Rd8 23.Rxd8+ Qxd8 24.Ned6 Bd4 25.Nxf5 Bxe3 26.Nxe3 Nb4 27.h3 Nd3 28.b3
h5 29.Nf1 Nxc1 30.Qxc1 Qd3 31.Nc3 f5 32.Ne3 f4 33.Ned5 g5 34.h4 Re5 35.
hxg5 f3 36.Nf6+ Kf7 37.Nxh5 Rf5 38.Ng3 fxg2 39.Nxf5 Qxf5 40.Qe3 1-0

[Event "1st Konex it"]
[Site "Buenos Aires ARG"]
[Date "1977.09.??"]
[Round "7"]
[White "Garcia, Raimundo"]
[Black "Cuasnicu, Oscar"]
[Result "1/2-1/2"]
[WhiteElo "2435"]
[BlackElo "2400"]
[EventDate "1977.09.06"]
[PlyCount "94"]

1.d4 Nf6 2.c4 e6 3.Nc3 d5 4.Nf3 Be7 5.Bg5 O-O 6.e3 Ne4 7.Bxe7 Qxe7 8.Bd3 
Nxc3 9.bxc3 Nc6 10.cxd5 exd5 11.Qc2 h6 12.Rb1 Rb8 13.O-O Bg4 14.Nd2 Rfd8 
15.Rfe1 Qa3 16.Bb5 Ne7 17.Bd3 Nc6 18.e4 dxe4 19.Nxe4 b6 20.Bc4 Qf8 21.a4 
Ne7 22.Nf6+ gxf6 23.Rxe7 Qxe7 24.Qg6+ Kf8 25.Qxh6+ Kg8 26.Qg6+ Kf8 27.Qxg4
f5 28.Qxf5 Rd6 29.g3 Rc6 30.Qd3 Rd8 31.Kf1 Rh6 32.Re1 Qd7 33.h4 Qxa4 34.
Kg2 Qc6+ 35.d5 Qg6 36.Qe3 Kg8 37.Qe7 Qd6 38.Qg5+ Rg6 39.Qh5 b5 40.Re6 Rxe6
41.dxe6 bxc4 42.Qxf7+ Kh8 43.Qf6+ Kg8 44.Qg6+ Kh8 45.Qh6+ Kg8 46.Qg5+ Kh7 
47.Qf5+ Kh8 1/2-1/2

[Event "1st Konex it"]
[Site "Buenos Aires ARG"]
[Date "1977.09.??"]
[Round "8"]
[White "Panno, Oscar"]
[Black "Najdorf, Miguel"]
[Result "1/2-1/2"]
[WhiteElo "2550"]
[BlackElo "2525"]
[EventDate "1977.09.06"]
[PlyCount "31"]

1.Nf3 Nf6 2.c4 g6 3.Nc3 Bg7 4.e4 O-O 5.d4 c5 6.Be2 cxd4 7.Nxd4 Nc6 8.Be3 
d6 9.O-O Bd7 10.Rc1 Nxd4 11.Bxd4 Bc6 12.f3 Nd7 13.Be3 a6 14.Qd2 Re8 15.b3 
a5 16.Rfd1 1/2-1/2

[Event "1st Konex it"]
[Site "Buenos Aires ARG"]
[Date "1977.09.??"]
[Round "8"]
[White "Cuasnicu, Oscar"]
[Black "Schweber, Samuel"]
[Result "1/2-1/2"]
[WhiteElo "2400"]
[BlackElo "2445"]
[EventDate "1977.09.06"]
[PlyCount "24"]

1.e4 e5 2.Nf3 Nf6 3.Nxe5 d6 4.Nf3 Nxe4 5.Qe2 Qe7 6.d3 Nf6 7.Bg5 Qxe2+ 8.
Bxe2 Be7 9.Nc3 c6 10.O-O-O Na6 11.Rhe1 Nc7 12.Ne4 Nxe4 1/2-1/2

[Event "1st Konex it"]
[Site "Buenos Aires ARG"]
[Date "1977.09.??"]
[Round "9"]
[White "Benko, Francisco"]
[Black "Panno, Oscar"]
[Result "0-1"]
[WhiteElo "2290"]
[BlackElo "2550"]
[EventDate "1977.09.06"]
[PlyCount "91"]

1.e4 c5 2.Nf3 d6 3.c3 Nf6 4.Bc4 Nc6 5.d3 e6 6.O-O Be7 7.Bb3 O-O 8.Qe2 d5 
9.e5 Nd7 10.d4 b6 11.a4 Ndb8 12.Rd1 Ba6 13.Qe1 cxd4 14.Nxd4 Nxd4 15.cxd4 
Nc6 16.Nc3 Qd7 17.Qe3 Nb4 18.Qg3 Rfc8 19.Bh6 Bf8 20.Nb5 Bxb5 21.axb5 Qxb5 
22.Rd2 a5 23.h4 Rc7 24.Bd1 Kh8 25.Bg5 Rac8 26.Be2 Qd7 27.h5 h6 28.Bf4 Rc1+
29.Rxc1 Rxc1+ 30.Kh2 Be7 31.Qe3 Bf8 32.g4 Qc7 33.g5 hxg5 34.Bxg5 f5 35.Qh3
Qd7 36.Qh4 Rc8 37.Rd1 Rc2 38.Rd2 Kh7 39.Qg3 Rc8 40.Bd1 b5 41.Re2 a4 42.Re1
Nc6 43.Be3 Qf7 44.Rg1 Na5 45.Be2 Nc4 46.Rc1 0-1

[Event "1st Konex it"]
[Site "Buenos Aires ARG"]
[Date "1977.09.??"]
[Round "10"]
[White "Cuasnicu, Oscar"]
[Black "Rossetto, Hector Decio"]
[Result "1/2-1/2"]
[WhiteElo "2400"]
[BlackElo "2410"]
[EventDate "1977.09.06"]
[PlyCount "61"]

1.e4 e6 2.d4 d5 3.Nd2 Nf6 4.e5 Nfd7 5.Ngf3 c5 6.c3 Nc6 7.Bd3 Qb6 8.O-O 
cxd4 9.cxd4 Be7 10.a3 Nxd4 11.Nxd4 Qxd4 12.Nf3 Qg4 13.Re1 Qh5 14.b4 O-O 
15.Bb2 a5 16.Qa4 f6 17.Rac1 Nxe5 18.Nxe5 fxe5 19.Rxe5 Qh6 20.Re3 e5 21.
Bxe5 Bg5 22.Bd4 Qh4 23.f4 Qxf4 24.Rf1 Bd7 25.Rxf4 Bxa4 26.Rxf8+ Rxf8 27.
Re5 Bf6 28.Rxd5 Bc6 29.Rd6 Bxd4+ 30.Rxd4 axb4 31.axb4 1/2-1/2

[Event "1st Konex it"]
[Site "Buenos Aires ARG"]
[Date "1977.09.??"]
[Round "11"]
[White "Schweber, Samuel"]
[Black "Sanguineti, Raul"]
[Result "0-1"]
[WhiteElo "2445"]
[BlackElo "2505"]
[EventDate "1977.09.06"]
[PlyCount "80"]

1.Nf3 Nf6 2.g3 d5 3.Bg2 g6 4.d4 Bg7 5.O-O O-O 6.Ne5 c6 7.Nd2 Nbd7 8.Nxd7 
Bxd7 9.c3 Re8 10.Nf3 Ne4 11.Ne5 Be6 12.Qb3 Nd6 13.Nd3 Qc8 14.Bf4 f6 15.
Rfe1 Bf7 16.Bxd6 exd6 17.Nf4 Qc7 18.Bf3 Re7 19.h4 Rae8 20.Kg2 Qd7 21.e3 g5
22.hxg5 fxg5 23.Nd3 Bg6 24.Qd1 Qf5 25.Nc1 Rf8 26.Rf1 Qf7 27.Be2 h5 28.Bd3 
Be4+ 29.Bxe4 dxe4 30.Nb3 g4 31.Rc1 Qg6 32.Rh1 Ref7 33.Rc2 Rf3 34.Qc1 Bh6 
35.Rg1 Qf5 36.Re2 Kg7 37.Qe1 Kg6 38.Nd2 h4 39.gxh4 g3 40.fxg3 Bxe3 0-1

[Event "1st Konex it"]
[Site "Buenos Aires ARG"]
[Date "1977.09.??"]
[Round "11"]
[White "Rossetto, Hector Decio"]
[Black "Rubinetti, Jorge Alberto"]
[Result "0-1"]
[WhiteElo "2410"]
[BlackElo "2420"]
[EventDate "1977.09.06"]
[PlyCount "92"]

1.Nf3 c5 2.g3 Nc6 3.Bg2 d5 4.O-O e5 5.d3 Nf6 6.e4 Be7 7.Nc3 d4 8.Ne2 Nd7 
9.c4 dxc3 10.bxc3 b5 11.d4 Ba6 12.d5 Na5 13.Re1 Nc4 14.g4 h5 15.g5 g6 16.
h4 Rb8 17.Nd2 Ndb6 18.Nf1 Bd6 19.Bh3 Na4 20.Ne3 Nxe3 21.Bxe3 Nb2 22.Qc2 
Nc4 23.Bc1 Qa5 24.Qd3 Qa4 25.Qf3 Be7 26.Qg3 Qc2 27.f4 Bd6 28.fxe5 Bxe5 29.
Bf4 Bxf4 30.Nxf4 O-O 31.Re2 Qa4 32.e5 Kh7 33.Nxh5 gxh5 34.Qf3 Nxe5 35.
Qxh5+ Kg7 36.Qh6+ Kg8 37.Rxe5 Rb6 38.Qh5 Qf4 39.Rae1 Qg3+ 40.Bg2 Qxc3 41.
Re8 Bc8 42.R1e3 Qd4 43.Re5 Bg4 44.Qh6 Rxh6 45.gxh6 Qf4 46.Kh1 Qxh6 0-1